L'Ateneu Santboià, 1893-1993 / (Record no. 11998)

MARC details
000 -LEADER
campo de control de longitud fija 00666nam a22002055i 4500
001 - NÚMERO DE CONTROL
campo de control 11998
003 - IDENTIFICADOR DE NÚMERO DE CONTROL
campo de control ES-MaACL
005 - FECHA Y HORA DE LA ÚLTIMA TRANSACCIÓN
campo de control 20230906150221.0
008 - DATOS DE LONGITUD FIJA--INFORMACIÓN GENERAL
campo de control de longitud fija 930618s1993 sp ||||0| cat j
040 ## - FUENTE DE CATALOGACIÓN
Centro catalogador/agencia de origen M-BN
Lengua de catalogación spa
Centro/agencia transcriptor M-BN
080 ## - NÚMERO DE LA CLASIFICACIÓN DECIMAL UNIVERSAL
Número de la Clasificación Decimal Universal 061.22(460.235 San Baudilio de Llobregat)(091)
245 02 - MENCIÓN DEL TÍTULO
Título L'Ateneu Santboià, 1893-1993 /
Mención de responsabilidad, etc. [Júlia López ... et al.].
260 ## - PUBLICACIÓN, DISTRIBUCIÓN, ETC.
Lugar de publicación, distribución, etc. [El Prat de llobregat, Barcelona] :
Nombre del editor, distribuidor, etc. Rúbrica,
Fecha de publicación, distribución, etc. D.L. 1993.
300 ## - DESCRIPCIÓN FÍSICA
Extensión 115 p :
Otras características físicas il ;
Dimensiones 21 cm.
500 ## - NOTA GENERAL
Nota general Indices.
504 ## - NOTA DE BIBLIOGRAFÍA, ETC.
Nota de bibliografía, etc. Bibliografía: p. 55.
610 04 - PUNTO DE ACCESO ADICIONAL DE MATERIA--NOMBRE DE ENTIDAD CORPORATIVA
Nombre de entidad corporativa o nombre de jurisdicción como elemento de entrada Ateneu Santboià-
Subdivisión de forma Historia.
9 (RLIN) 2066
700 1# - ENTRADA AGREGADA--NOMBRE PERSONAL
Nombre de persona López, Júlia.
9 (RLIN) 73348
852 ## - LOCALIZACIÓN
Ubicación ES-MaACL
Número de control de estantería L-19308
Sublocalización o colección R.122705
Holdings
Estatus retirado Estado de pérdida Estado de daño No para préstamo Biblioteca de origen Biblioteca actual Ubicación en estantería Fecha de adquisición Fuente de adquisición Total de préstamos Signatura topográfica completa Código de barras Visto por última vez Precio de reemplazo Tipo de ítem Koha
        Biblioteca del Ateneo de Madrid Biblioteca del Ateneo de Madrid Depósito 2 17/01/2008     L-19308 1012225 23/02/2023 23/02/2023 Libro impreso